| 000 | 01461nam2a22003131 4500 | ||
|---|---|---|---|
| 001 | RU\NLR\Per\518518 | ||
| 005 | 20250617142534.0 | ||
| 035 | _a(NLR Aleph) 002700211 | ||
| 090 |
_a4309584 _c4309584 |
||
| 100 | _a20071123d2007 |||y0rusy50 ca | ||
| 101 | 0 | _arus | |
| 102 | _aRU | ||
| 105 | _ay ||||||||| | ||
| 200 | 1 | _aШкола "Оптическая спектроскопия молекул и радиационные процессы в атмосфере" | |
| 210 |
_d2007 _aБ. м. |
||
| 300 | _aТемат. вып. | ||
| 461 | 0 |
_1001RU\NLR\INFOCOMM15\1000129989 _12001#$aОптика атмосферы и океана$eЕжемес. науч.-теорет. журн.$fРос. акад. наук$vТ. 20, № 9 _93392001 _cТомск _d1988- _fРос. акад. наук _nМГП "Раско" _oЕжемес. науч.-теорет. журн. _tОптика атмосферы и океана _vТ. 20, № 9 |
|
| 606 | 1 |
_aАтмосфера _jСборники _xРадиационные явления _91041108 _3RU\NLR\AUTH\6683001 |
|
| 606 | 1 |
_aАтмосфера _jСборники _xСпектроскопические исследования _91042638 _3RU\NLR\AUTH\6683756 |
|
| 686 | 1 | _aД234.1я43 | |
| 686 | 1 | _aД234.2я43 | |
| 801 | 2 |
_aRU _bNLR _c20071129 _2rusmarc |
|
| 801 | 0 |
_aRU _bNLR _c20070620 _gpsbo |
|
| 801 | 1 |
_aRU _bNLR _c20070620 _2rusmarc |
|
| 852 |
_aNLR _jП8/1329 |
||
| 942 | _cISSUE | ||
| 980 | _aNB | ||
| 980 | _aRUSPER | ||